London bucks UK office trend (Record no. 82288)

MARC details
000 -LEADER
fixed length control field 00825cam a22001935a 4500
001 - CONTROL NUMBER
control field L149828
008 - FIXED-LENGTH DATA ELEMENTS--GENERAL INFORMATION
fixed length control field 100430e2010 xxk 000 0 eng d
035 ## - SYSTEM CONTROL NUMBER
System control number (Sirsi) u149828
041 0# - LANGUAGE CODE
Language code of text/sound track or separate title eng
100 1# - MAIN ENTRY--PERSONAL NAME
Personal name Boley, James
245 00 - TITLE STATEMENT
Title London bucks UK office trend
Remainder of title office construction has taken a knock across the country, but a brighter outlook is on the horizon
260 ## - PUBLICATION, DISTRIBUTION, ETC.
Date of publication, distribution, etc. 2010
490 ## - SERIES STATEMENT
Series statement Construction News
Volume/sequential designation 7164 22 April 2010, 32-34(3)
520 ## - SUMMARY, ETC.
Summary, etc. Top 30 office construction projects across the UK by value showing location, project stage and client; the recession has affected office construction severely; quick summary of office projects in London, The North and Midlands, and the future.
590 ## - LOCAL NOTE (RLIN)
Local note KA
651 #4 - SUBJECT ADDED ENTRY--GEOGRAPHIC NAME
Geographic name United Kingdom
Chronological subdivision
690 ## - LOCAL SUBJECT ADDED ENTRY--TOPICAL TERM (OCLC, RLIN)
Topical term or geographic name as entry element BUILT ENVIRONMENT - CONSTRUCTION MARKET
942 ## - ADDED ENTRY ELEMENTS (KOHA)
Suppress in OPAC 0
Holdings
Withdrawn status Lost status Source of classification or shelving scheme Damaged status Not for loan Home library Current library Shelving location Date acquired Total Checkouts Full call number Barcode Date last seen Copy number Price effective from Koha item type
    Dewey Decimal Classification     London London Journal article 30/04/2010   L149828 149828-1001 06/08/2019 1 06/08/2019 Journal article